Catálogo
 En Linea

Antología de cuentistas hondureñas / (Registro nro. 39576)

Detalles MARC
000 -CABECERA
campo de control de longitud fija 00549nam a2200169 a 4500
001 - NÚMERO DE CONTROL
campo de control 000040086
005 - FECHA Y HORA DE LA ÚLTIMA TRANSACCIÓN
campo de control 20201002033917.0
008 - DATOS DE LONGITUD FIJA--INFORMACIÓN GENERAL
campo de control de longitud fija 130806s2005 ho 000 0 spa d
040 ## - FUENTE DE LA CATALOGACIÓN
Centro catalogador/agencia de origen DO-SdBNP
Lengua de catalogación spa
Centro/agencia transcriptor BNPHU
100 1# - ENTRADA PRINCIPAL--NOMBRE DE PERSONA
Nombre de persona Sánchez, Jessica
9 (RLIN) 66345
245 10 - MENCIÓN DE TÍTULO
Título Antología de cuentistas hondureñas /
Mención de responsabilidad, etc. Jessica Sánchez.
260 ## - PUBLICACIÓN, DISTRIBUCIÓN, ETC.
Lugar de publicación, distribución, etc. Guatemala :
Nombre del editor, distribuidor, etc. Letra Negra,
Fecha de publicación, distribución, etc. 2005.
300 ## - DESCRIPCIÓN FÍSICA
Extensión 151p. ;
Dimensiones 21 cm.
490 1# - MENCIÓN DE SERIE
Mención de serie Narrativa centroamericana
500 ## - NOTA GENERAL
Nota general Incluye datos biográficas del autor en la solapa
830 #0 - PUNTO DE ACCESO ADICIONAL DE SERIE-TÍTULO UNIFORME
Título uniforme Narrativa centroamericana
9 (RLIN) 66346
Existencias
Estado de retiro Estado de pérdida Restricciones de uso No para préstamo Código de colección Localización permanente Ubicación/localización actual Ubicación en estantería Fecha de adquisición Número de inventario Total de préstamos Signatura topográfica completa Código de barras Fecha visto por última vez Precio válido a partir de Tipo de ítem Koha
      Excluido de préstamo Monografías: Libros y Folletos General General En catalogación 06.08.2013 LF1   40086-10 25.06.2020 25.06.2020 No se presta

Con tecnología Koha